Notes on the first epistle of Paul the apostle to the Corinthians with a new translation. (Record no. 5743)

000 -LEADER
fixed length control field 00628nam a2200181 a 4500
001 - CONTROL NUMBER
control field :::00003485$&:&@@
003 - CONTROL NUMBER IDENTIFIER
control field OkBaRHE
005 - DATE AND TIME OF LATEST TRANSACTION
control field 20000607103306.0
008 - FIXED-LENGTH DATA ELEMENTS--GENERAL INFORMATION
fixed length control field j 000 0 eng u
040 ## - CATALOGING SOURCE
Transcribing agency
100 1# - MAIN ENTRY--PERSONAL NAME
Personal name Kelly, William.
245 10 - TITLE STATEMENT
Title Notes on the first epistle of Paul the apostle to the Corinthians with a new translation.
260 ## - PUBLICATION, DISTRIBUTION, ETC. (IMPRINT)
Place of publication, distribution, etc Sunbury, PA., :
Name of publisher, distributor, etc Believers Bookshelf
Date of publication, distribution, etc nd
300 ## - PHYSICAL DESCRIPTION
Extent 298 p. ;
Dimensions 19 cm.
650 ## - SUBJECT ADDED ENTRY--TOPICAL TERM
Topical term or geographic name as entry element Bible New Testament 1 Corinthians
General subdivision Commentaries
942 ## - ADDED ENTRY ELEMENTS (KOHA)
Source of classification or shelving scheme
Koha item type Books
Copies
Date last seen Source of classification or shelving scheme Permanent Location Date acquired Full call number Lost status Not for loan Withdrawn status Koha item type Price effective from Shelving location Copy number Damaged status Barcode
2018-03-28 RHEMA Bible Training College2010-04-14BS 2673.3 .K4N6   Books2010-04-14General Stacks1 3485